Pflanzenarten in der Landwirtschaft - Statistiken

Allgemein
  • Dieses Quiz wurde 417 mal gespielt
  • Das Durchschnittsergebnis liegt bei 8 aus 12
Antwortstatistiken
Bildquiz Antwort % Korrekt
Mais
98%
Gerste
88%
Raps
84%
Sonnenblumen
80%
Weizen
77%
Hafer
74%
Kartoffeln
73%
Roggen
58%
Soja
44%
Rüben
41%
Hirse
31%
Triticale
13%
Keine übereinstimmenden Quizze gefunden
Verteilung der Resultate
Anzahl Personen mit jedem Resultat
Perzentil nach korrekt beantworteten Fragen
Ihre Resultats-Entwicklung
Sie haben dieses Quiz noch nicht gespielt